000 00360 a2200169 4500
001 68851
020 _a8526251384
040 _cAnchieta - Itaigara
100 _aMara, Luiza
240 1 0 _aO rei e o tempo
_lpor
245 1 0 _aO rei e o tempo
300 _a23
362 0 _a2004
440 1 _aScipione
650 4 _aLiteratura infanto-juvenil
942 _cBK
999 _c68851
_d68851